|
|
|
|
| LEADER |
00000cam a2200000 a 4500 |
| 001 |
vtls008219920 |
| 003 |
SK-MaSNL |
| 005 |
20260302074104.0 |
| 008 |
180810s1734 xo l 000 0 lat |
| 015 |
|
|
|a SNKBHFA
|
| 035 |
|
|
|a SVKPOKN031399
|
| 040 |
|
|
|a SNK
|b slo
|c SNK
|e AACR2
|
| 041 |
0 |
|
|a lat
|
| 044 |
|
|
|a xo
|c SK
|
| 072 |
|
7 |
|a 34
|x Právo
|2 konspekt
|
| 080 |
|
|
|a 34
|2 2011
|
| 100 |
1 |
|
|a Segedy, Ján,
|d 1699-1760
|4 aut
|9 155848
|
| 245 |
1 |
0 |
|a Tripartitum Juris Ungarici Tyrocinium
|b Juxta Ordinem Titulorum Operis Tripartiti, Sacris Canonibus Accommodatum
|c Authore R. P. Joanne Szegedi, é Soc. Jesu.
|n Pars Prima
|
| 260 |
|
|
|a Tyrnaviae
|b Typis Academicis per Leopoldum Josephum Berge
|c Annô Salutis M.DCC.XXXIV. [= 1734]
|
| 300 |
|
|
|a [16], 280, [2] s. [2], A/12-M/12, N/3 [= 149] list.
|c 12°
|c 13,5x8 cm
|
| 500 |
|
|
|a Vinety ornam., vineta ornam.-fig., vlys ornam., linky ozdobné, inic. s ornam. pozadím v rámčeku na 2,4 r., verz. na 2 r., erb, typograf. ozdoby, kustódy
|
| 500 |
|
|
|a Na zl. [2] "Facultas" k tlači od jezuitu, Rakúskeho provincionála Francisca Molindesa s povolením Francisca Retza na konci s textom: "Leutschoviae die 20. Maji 1735." Na zl. A/1-A/6 nesignov. predslov k čitateľovi. Na zl. N/3a errata
|
| 501 |
|
|
|a Prív. 1.: Segedy, Ján: Tripartitum Juris Ungarici Tyrocinium...Pars Secunda. Tyrnaviae 1735. 12°.
|
| 501 |
|
|
|a Prív. 2.: Segedy, Ján: Tripartitum Juris Ungarici Tyrocinium...Pars Tertia. Tyrnaviae 1735. 12°.
|
| 510 |
4 |
|
|a Podmanická
|c II/906
|
| 510 |
4 |
|
|a Telgársky-Banská
|c VII/13258
|
| 510 |
4 |
|
|a Petrik
|c III/506 [pod Szegedi]
|
| 510 |
4 |
|
|a Kolodziejský
|c 2166 [pod Szegedi]
|
| 510 |
4 |
|
|a Pumprla
|c 502 [pod Szegedi]
|
| 510 |
4 |
|
|a Hanakovič
|c III/1240 [pod Szegedi]
|
| 510 |
4 |
|
|a Zelliger
|c 1734/9 [pod Szegedi]
|
| 510 |
4 |
|
|a Stahovcová
|c 372
|
| 510 |
4 |
|
|a Szinnyey
|c XIII/549 [pod Szegedy, János]
|
| 510 |
4 |
|
|a Bbliografia 18. storočia
|c 8426
|
| 562 |
|
|
|a Peč.: Štátna vedecká knižnica v Prešove. - Štátna vedecká knižnica v Prešove Signatúra HA 35 Prírast. č. 412244 - Tlač. vlepený heraldický exlibris - Rkp.: Groff Szápáry Péter
|5 SVKPO: HA 35
|
| 563 |
|
|
|a Väzba: Pôvodná - tmavohnedá koža, lepenka, chrbát s link.-ornam. zlátenou slepotlačou
|5 SVKPO: HA 35
|
| 650 |
0 |
7 |
|a staré tlače
|2 SNKPH
|9 51683
|
| 650 |
0 |
7 |
|a občianske právo
|2 SNKPH
|9 981
|
| 650 |
0 |
7 |
|a uhorské právo
|2 svkpo
|9 306032
|
| 650 |
0 |
7 |
|a zvykové právo
|2 svkpo
|9 358082
|
| 650 |
0 |
7 |
|a zákony
|2 SNKPH
|9 1156
|
| 650 |
0 |
7 |
|a právo
|2 SNKPH
|9 976
|
| 650 |
0 |
7 |
|a právne zbierky
|2 svkpo
|9 739284
|
| 700 |
1 |
|
|a Berger, Leopold Jozef,
|d činný 18. storočie
|4 bkp
|9 172021
|
| 710 |
1 |
|
|a Akademická tlačiareň, Berger Leopold (Trnava, Slovensko)
|4 prt
|9 299936
|
| 710 |
2 |
|
|a Akademická tlačiareň (Trnava, Slovensko)
|4 prt
|9 232890
|
| 752 |
|
|
|a Slovensko
|d Trnava
|
| 852 |
|
|
|a SVKPO
|c Historické fondy
|p HA 35
|
| 852 |
|
|
|a snk
|p SE 7228/1-3
|
| 958 |
|
|
|a ONDV
|
| 958 |
|
|
|a DD
|
| 999 |
|
|
|c 1163655
|d 1165585
|
| 952 |
|
|
|a SNK
|b SNK
|y PREZ
|7 0
|p 17A0781574
|o snkSE 7228/1-3
|i snkK 166/79
|8 3
|0 0
|1 0
|4 0
|d 2013-07-11
|l 0
|r 2026-02-24 20:40:55
|w 2026-02-24
|